000 00292nam a22001217a 4500
008 181121b xxu||||| |||| 00| 0 eng d
041 _aeng
080 _28 th
_a821
100 _a23
101 _aGJU
245 _aThe Norton Anthology English Literature
_cAbrams ,h,n
942 _2udc
_cBK
999 _c52253
_d52253